| 000 | 01511nam a2200241Ia 4500 | ||
|---|---|---|---|
| 003 | Ost | ||
| 005 | 20260507075158.0 | ||
| 008 | 260507s9999||||xx |||||||||||||| ||und|| | ||
| 020 | _a5124169957 | ||
| 040 | _cfsecg | ||
| 041 | _aara | ||
| 082 | _a330 | ||
| 100 |
_aسامي، فوزي محمد _eمؤلف |
||
| 245 | 0 |
_aشرح القانون التجاري : _bمصادر القانون التجاري -الاعمال التجارية-التاجر المتجر-العقود التجارية-التجارة الالكترونية . / _c فوزي محمد سامي |
|
| 260 |
_aعمان: _bدار الثقافة, _c2009 |
||
| 300 |
_a352 صفحة؛ _c24 سم |
||
| 504 | _aمراجع ص.349 | ||
| 520 | _aنشوء القانون التجاري و تطوره ، التشريعات التجارية و مصادر القانون التجاري في الأردن ، الاعمال التجارية و الاعمال التجارية في قانون التجارة الأردني ، التاجر وواجباته ، السجل التجاري و العنوان التجاري و المتجر ، العقود التجارية بشل عام ، الرهن التجاري ، عقد النقل ، الوكالة التجايرية و الوكالة بالعمولة ، السمسرة ، نظرة على التجارة الالكترونية و عقد هده التجارة | ||
| 653 | _aالتجارة | ||
| 653 | _aالسجلات التجارية | ||
| 653 | _aالقانون التجاري | ||
| 942 | _cكتاب | ||
| 999 |
_c43379 _d43379 |
||